|
|
|
|
| LEADER |
01245pam a22003378a 4500 |
| 001 |
00031934 |
| 005 |
20171026081025.0 |
| 008 |
140404s2013 ||||||viesd |
| 041 |
0 |
# |
|a vie
|
| 082 |
1 |
4 |
|a 709.597
|b H450CH
|
| 100 |
1 |
# |
|a Hữu,Thỉnh
|e Chủ biên
|
| 245 |
1 |
0 |
|a Hồ Chí Minh với văn nghệ sĩ - Văn nghệ sĩ với Hồ Chí Minh
|c Hữu Thỉnh (ch.b); Phạm Trung Đỉnh, Trần Quang Quý (b.s)
|n Tập 11
|p Nhiếp ảnh-múa-kiến trúc-hội họa
|
| 260 |
# |
# |
|a Hà Nội
|b Hội Nhà văn
|c 2013
|
| 300 |
# |
# |
|a 231 tr.
|b hình ảnh
|c 24cm
|
| 600 |
1 |
4 |
|a Hồ, Chí Minh
|
| 653 |
# |
# |
|a Kiến trúc
|
| 653 |
# |
# |
|a Hội họa
|
| 653 |
# |
# |
|a Múa
|
| 653 |
# |
# |
|a Tác phẩm
|
| 653 |
# |
# |
|a Nhiếp ảnh
|
| 653 |
# |
# |
|a Nghệ thuật
|
| 653 |
# |
# |
|a Nghệ sĩ
|
| 700 |
1 |
# |
|a Phạm,Trung Đỉnh
|e Biên soạn
|
| 700 |
1 |
# |
|a Trần,Quang Quý
|e Biên soạn
|
| 852 |
# |
# |
|j KM.0016749
|j KM.0016871
|j KD.0015715
|
| 852 |
# |
# |
|b Kho đọc
|j KD.0015715
|
| 852 |
# |
# |
|b Kho mượn
|j KM.0016749, KM.0016871
|
| 910 |
0 |
# |
|a 23/4/2014
|d 04/04/2014
|
| 980 |
# |
# |
|a Trung tâm Học liệu Lê Vũ Hùng, Trường Đại học Đồng Tháp
|